On Nomads, Monarchies and the Emergence of Ancient Israel: Thirty Years Later
| Main Author: | |
|---|---|
| Corporate Author: | |
| Format: | Electronic Review |
| Language: | English |
| Check availability: | HBZ Gateway |
| Interlibrary Loan: | Interlibrary Loan for the Fachinformationsdienste (Specialized Information Services in Germany) |
| Published: |
2024
|
| In: |
Hebrew studies
Year: 2024, Volume: 65, Issue: 1, Pages: 267-284 |
| Review of: | From nomadism to monarchy? (University Park : Eisenbrauns, 2023) (Blokh, Yigʼal)
From nomadism to monarchy? (University Park, PA : Pennsylvania State University Press, 2023) (Blokh, Yigʼal) From nomadism to monarchy? (Tel Aviv : Emery and Clare Yass Publications in Archaeology, The Institute of Archaeology, Tel Aviv University, 2023) (Blokh, Yigʼal) |
| RelBib Classification: | HB Old Testament TB Antiquity TC Pre-Christian history ; Ancient Near East |
| Further subjects: | B
Book review
|
| Online Access: |
Volltext (lizenzpflichtig) Volltext (lizenzpflichtig) |
MARC
| LEADER | 00000caa a2200000 c 4500 | ||
|---|---|---|---|
| 001 | 1912344580 | ||
| 003 | DE-627 | ||
| 005 | 20250429115052.0 | ||
| 007 | cr uuu---uuuuu | ||
| 008 | 241215s2024 xx |||||oo 00| ||eng c | ||
| 024 | 7 | |a 10.1353/hbr.2024.a945135 |2 doi | |
| 035 | |a (DE-627)1912344580 | ||
| 035 | |a (DE-599)KXP1912344580 | ||
| 040 | |a DE-627 |b ger |c DE-627 |e rda | ||
| 041 | |a eng | ||
| 084 | |a 1 |2 ssgn | ||
| 100 | 1 | |e VerfasserIn |0 (DE-588)1147421307 |0 (DE-627)1006154973 |0 (DE-576)495793604 |4 aut |a Blokh, Yigʼal | |
| 109 | |a Blokh, Yigʼal |a Bloch, Yigal |a Bloch, Y. |a Blokh, Yigal | ||
| 245 | 1 | 0 | |a On Nomads, Monarchies and the Emergence of Ancient Israel |b Thirty Years Later |c Yigal Bloch |
| 264 | 1 | |c 2024 | |
| 336 | |a Text |b txt |2 rdacontent | ||
| 337 | |a Computermedien |b c |2 rdamedia | ||
| 338 | |a Online-Ressource |b cr |2 rdacarrier | ||
| 601 | |a Monarchie | ||
| 652 | |a HB:TB:TC | ||
| 655 | 7 | |a Rezension |0 (DE-588)4049712-4 |0 (DE-627)106186019 |0 (DE-576)209083166 |2 gnd-content | |
| 711 | 2 | |j VerfasserIn des Bezugswerks |0 (DE-588)1323981934 |0 (DE-627)1883888395 |4 ant |a Annual Aharoni Symposium |d 2017 |c Tel Aviv | |
| 773 | 0 | 8 | |i Enthalten in |t Hebrew studies |d Austin, TX : The National Association of Professors of Hebrew, 1976 |g 65(2024), 1, Seite 267-284 |h Online-Ressource |w (DE-627)644059591 |w (DE-600)2589647-7 |w (DE-576)38159808X |x 2158-1681 |7 nnas |
| 773 | 1 | 8 | |g volume:65 |g year:2024 |g number:1 |g pages:267-284 |
| 787 | 0 | 8 | |i Rezension von |a Annual Aharoni Symposium (2017 : Tel Aviv) |t From nomadism to monarchy? |d University Park : Eisenbrauns, 2023 |h x, 327 Seiten |w (DE-627)1858357276 |z 9781646022618 |
| 787 | 0 | 8 | |i Rezension von |a Annual Aharoni Symposium (2017 : Tel Aviv) |t From nomadism to monarchy? |b 1st ed. |d University Park, PA : Pennsylvania State University Press, 2023 |h 1 online resource (473 pages) |w (DE-627)1896585671 |z 9781646022700 |
| 787 | 0 | 8 | |i Rezension von |a Annual Aharoni Symposium (2017 : Tel Aviv) |t From nomadism to monarchy? |d Tel Aviv : Emery and Clare Yass Publications in Archaeology, The Institute of Archaeology, Tel Aviv University, 2023 |h 1 Online-Ressource (X 327 Seiten) |w (DE-627)1880779463 |z 9781646022700 |
| 856 | 4 | 0 | |u https://doi.org/10.1353/hbr.2024.a945135 |x Resolving-System |z lizenzpflichtig |3 Volltext |7 1 |
| 856 | 4 | 0 | |u https://muse.jhu.edu/pub/137/article/945135 |x Verlag |z lizenzpflichtig |3 Volltext |7 1 |
| 935 | |a BIIN | ||
| 951 | |a AR | ||
| BIB | |a 1 | ||
| ELC | |a 1 | ||
| ITA | |a 1 |t 1 | ||
| LOK | |0 000 xxxxxcx a22 zn 4500 | ||
| LOK | |0 001 4636406141 | ||
| LOK | |0 003 DE-627 | ||
| LOK | |0 004 1912344580 | ||
| LOK | |0 005 20250429115052 | ||
| LOK | |0 008 241215||||||||||||||||ger||||||| | ||
| LOK | |0 040 |a DE-Tue135-1 |c DE-627 |d DE-Tue135-1 | ||
| LOK | |0 852 |a DE-Tue135-1 | ||
| LOK | |0 852 1 |m p |9 00 | ||
| LOK | |0 852 2 |b www |9 00 | ||
| LOK | |0 935 |a inzs |a inzo | ||
| LOK | |0 936ln |0 1442053534 |a TB | ||
| LOK | |0 936ln |0 1442044128 |a HB | ||
| LOK | |0 936ln |0 1442053569 |a TC | ||
| LOK | |0 938 |k p | ||
| LOK | |0 939 |a 15-12-24 |b l01 | ||
| ORI | |a SA-MARC-ixtheoa001.raw | ||
| REL | |a 1 | ||
| SUB | |a BIB |a REL | ||



